| 000 | 00728nam1a22002171i 4500 | ||
|---|---|---|---|
| 001 | rc\1103740 | ||
| 005 | 20240725231353.0 | ||
| 035 | _a(NLR Aleph) 006377754 | ||
| 090 |
_a5055880 _c5055880 |
||
| 100 | _a20041126g19829999u |0rusy50 ca | ||
| 101 | 0 | _arus | |
| 102 | _aRU | ||
| 105 | _ay ||||||||| | ||
| 200 | 1 |
_aСборник противопожарных требований строительных норм и правил _fМ-во внутр. дел УзССР, Упр. пожар. охраны |
|
| 210 |
_aТашкент _cБ. и. _d1982- |
||
| 215 | _d20 | ||
| 712 | 0 | 1 |
_aУзССР _bУпр. пожарной охраны |
| 801 | 0 |
_aRU _bNLR _gpsbo |
|
| 801 | 1 |
_aRU _bELAR _2rusmarc |
|
| 852 |
_aNLR _j73-3/5189 |
||
| 942 | _cBOOK | ||